000 00579nam a22002417a 4500
003 UA-OsUOA
001 30787
007 ta
008 20041115b un ||||| |||| 00| 0 ukr d
090 _a821.161.1
_bП91
942 _cBK
040 _aUA-OsUOA
_brus
_cUA-OsUOA
_dUA-OsUOA
245 _aПушкин
_bПисьма
_cРед. Л. Б.Модзалевский
_n1831-1833
300 _a722 с.
955 _a0
041 _arus
080 _a821.161.1
260 _aМосква
_bAKADEMIA
_c1935
246 3 1 _aТ. 3
_n
044 _aRU
650 7 _2UDC
999 _c317202
_d317202